Gibraltar City Quiz - Statistics

General Stats
  • This quiz has been taken 8 times
  • The average score is 3 of 6
Answer Stats
City % Correct
North District
100%
South District
100%
Town Area
33%
Upper Town
33%
Reclamation Areas
0%
Sandpits Area
0%
No matching quizzes found
Score Distribution
Percent of People with Each Score
Percentile by Number Answered
Your Score History
You have not taken this quiz